Statistics for English Football Club Badges #5

Click here to take the quiz!

General Stats

  • This quiz has been taken 569 times
  • The average score is 10 of 16

Answer Stats

Answer% Correct
West Ham United
100%
Portsmouth
92%
Swansea City
92%
Charlton Athletic
90%
Derby County
90%
Tottenham Hotspur
90%
Stoke City
85%
Scunthorpe United
67%
Chesterfield
53%
Newport County
51%
Crawley Town
40%
York City
37%
Tranmere Rovers
28%
Kidderminster Harriers
26%
Darlington
23%
Aldershot Town
16%

Score Distribution

Percentile by Number Answered

Percent of People with Each Score

Your Score History

You have not taken this quiz